Nástroje podpory a bariér rozvoja marketingu v obchodných podnikoch

Charakteristika nástrojov podpory rozvoja marketingu v obchodných podnikoch: podniková kultúra, ľudský kapitál a vzdelávanie zamestnancov. Nástroje bariér rozvoja marketingu v obchodných podnikoch: lobing, korupcia, produktové pirátstvo.

Enregistré dans:
Détails bibliographiques
Auteur principal: Francová, Zuzana, 1971-
Format: Chapitre de livre
Langue:slovaque
Sujets:
Tags: Ajouter un tag
Pas de tags, Soyez le premier à ajouter un tag!

MARC

LEADER 00000naa$a2200000$$$4500
001 0049092
005 20240522081813.5
041 0 |a slo 
044 |a SK 
245 1 0 |a Nástroje podpory a bariér rozvoja marketingu v obchodných podnikoch  |c Zuzana Francová 
520 |a Charakteristika nástrojov podpory rozvoja marketingu v obchodných podnikoch: podniková kultúra, ľudský kapitál a vzdelávanie zamestnancov. Nástroje bariér rozvoja marketingu v obchodných podnikoch: lobing, korupcia, produktové pirátstvo. 
610 2 0 |a podnik obchodný 
610 2 0 |a marketing 
610 2 0 |a kultúra podniková 
610 2 0 |a zamestnanci 
610 2 0 |a kapitál ľudský 
610 2 0 |a zdroje ľudské 
610 2 0 |a vzdelávanie 
610 2 0 |a lobizmus 
610 2 0 |a korupcia 
610 2 0 |a falzifikáty 
100 1 |a Francová, Zuzana, 1971-